| 000 | 00530nam a2200157 a 4500 | ||
|---|---|---|---|
| 020 | _a2706808144 | ||
| 040 | _cDLC | ||
| 082 | 0 | 4 | _a630 G-P. M 1982 A039 Or. |
| 245 | 0 | 4 | _aLes Ravageurs des cultures vivrières et maraîchères sous les tropiques / |
| 260 |
_aParis : _bG.-P. Maisonneuve & Larose : _bAgence de coopération culturelle et technique, _cc1982. |
||
| 300 |
_a420 p., xii p. of plates : _bill. (some col.) ; _c24 cm. |
||
| 650 | 0 | _aAgricultural pests | |
| 700 | 1 | _aAppert, J. | |
| 700 | 1 | _aDeuse, Jacques. | |
| 942 | _cFB | ||
| 999 |
_c11984 _d11984 |
||